000 00643nam a2200193 i 4500
001 bg
100 1 _aGRAD, Marianna
245 0 _aTeksty techniczne w języku niemieckim dla studentów Wydziału Mechanicznego /
_cMarianna Grad.
260 _aKielce :
_bPŚ,
_c1984.
300 _a127 s., [1] k. tabl. ;
_c24 cm.
490 1 _aSkrypty Uczelniane Politechniki Świętokrzyskiej,
_x0239-6386 ;
_vnr 124
504 _aBibliogr. s. 123.
830 _aSkrypty Uczelniane Politechniki Świętokrzyskiej,
_x0239-6386 ;
040 _cBPK
041 _apol
080 _a803.0:621(075.8)
942 _cKS
008 s pl f |000 0 pol
999 _c2706
_d2706
856 _uhttp://koha.tu.koszalin.pl/cgi-bin/koha/opac-detail.pl?biblionumber=2706
_yKatalog online BPK